000 00594nam a22001817a 4500
005 20170728161124.0
010 _aENG-119464
020 _a9788125064152
_c1025.00
035 _aEN-102996
037 _bDBAD/PUB
082 _a303.6230954
100 _aLalita,K.
245 _aRupure,loss and living :
_cby K.Lalita [and] Deepa Dhanraj
_bminority women speak about post-conflict life /
260 _aHydrabad
_bOrient BlackSwan
_c2017
270 _a3-6-752,Himayat Nagar
_bHydrabad (Telagana)
_e500029
300 _axi,434p.
_b22cm(Hb)
942 _2ddc
_cEN
_mLAL
_h303.6230954
999 _c142975
_d142975